|
|
|
|
| LEADER |
00000nab a2200000 a 4500 |
| 001 |
vtls009086593 |
| 003 |
SK-MaSNL |
| 005 |
20260303064513.0 |
| 008 |
140301c20070219xo dr|p|||||||000 b|slo |
| 015 |
|
|
|a SNBRB2007/08
|2 snkbucl
|
| 038 |
|
|
|a SNKBUCL
|
| 040 |
|
|
|a SNKBUCL
|b slo
|c SNKBUCL
|e AACR2
|
| 041 |
0 |
|
|a slo
|
| 044 |
|
|
|a xo
|c SK
|
| 080 |
|
|
|a 629.361.6
|2 2001
|
| 080 |
|
|
|a 621.433:662.769.2
|2 2001
|
| 080 |
|
|
|a 662.769.2
|2 2001
|
| 100 |
1 |
|
|a Kavec, Jozef
|4 aut
|9 1041322
|
| 245 |
1 |
0 |
|a Americkí hasiči jazdia na vodík
|b auto s čistým pohonom má dojazd 160 kilometrov a najvyššiu rýchlosť 140 km/h
|c Jozef Kavec
|
| 300 |
|
|
|b Fotogr.
|
| 650 |
0 |
7 |
|a Mercedes-Benz F-Cell (osobné požiarne vozidlo)
|2 snkbucl
|9 1063235
|
| 650 |
0 |
7 |
|a požiarne vozidlá
|2 snkbucl
|9 51048
|
| 650 |
0 |
7 |
|a vodíkový pohon
|2 snkbucl
|9 1063236
|
| 773 |
0 |
|
|t Hospodárske noviny
|g Roč. XV., č. 35 (19.2.2007)
|x 1335-4701
|
| 773 |
0 |
8 |
|t Podnikanie
|g S. 27
|
| 852 |
|
|
|a SNK
|b KIS3GCP
|
| 999 |
|
|
|c 1747421
|d 1749351
|